1071 1435 1370 1028 1500 1618 1072 1988 1916 1261 1161 1027 1184 1606 1416 1389 1263 1478 1205 1349 1156 1809 1990 1714 1060 1259 1312 1309 1793 1131 1504 1697 1345 1400 1681 1255 1716 1065 1861 1611 1754 1142 1157 1562 1367 1158 1215 1637 1029 1110 1786 1548 1429 1207 1392 1211 1688 1212 1806 1795 1468 1042 1808 1243 1716 1549 1719 1003 1711 1438 1028 1249 1004 1562 1236 1982 1309 1387 1703 1955 1984 1921 1601 1850 1135 1415 1939 1881 1125 1752 1799 1065 1757 1225 1083 1878 1684 1770 1723 BCNSPRNW ULIB Ver.6.0+V

เปลี่ยนเป็นภาษาไทย

Change to English
 แสดงรายละเอียดบรรณานุกรม
  กลับหน้าหลัก

Brief Record : Get Marc (ISO 2709) : E-mail record : QR code < ปิดหน้าต่าง
LEADER : 00000nam 2200000uu 4500
001    13399126573
003     ULIB
008    020711s2560 th a 000 0 tha d
020    ^a9786164280158
060    ^aWB903^bอ274ก
100    ^aอมร เปรมกมล
245    ^aการแพทย์ทางเลือกบนพื้นฐานวิทยาศาสตร์=Alternative Medicine : The Scientific Basis
250    ^aพิมพ์ครั้งที่ 1
260    ^aขอนแก่น :^bโรงพิมพ์พิมพ์เพ็ญพริ้นติ้งขอนแก่น,^c2560
300    ^a181 หน้า;^b30 ซม.
650    ^aการแพทย์ทางเลือก
650    ^aการรักษาด้วยธรรมชาติ
945    ^p250^l0^i004774
999    ^aประนอม เกษจรัล
รายการนี้ยังไม่มีแท็ก
คุณยังไม่ได้ล็อกอิน คุณสามารถมีกิจกรรมร่วมกับเว็บไซต์ได้ แต่ต้องล็อกอินก่อน ::
  ล็อกอิน

รายการสื่อสารสนเทศ

ลำดับที่ ประเภท เลขเรียก/บาร์โค้ด สถานที่ สถานะ
1. วิทยาศาสตร์การแพทย์ และสุขภาพ
วิทยาศาสตร์การแพทย์ และสุขภาพ
WB903 อ274ก ฉ.1 
  Barcode: 004774
ห้องสมุดวิทยาเขตสวรรค์ประชารักษ์
►หนังสือทั่วไป
บนชั้น

รายการใกล้เคียง
    ชื่อเรื่อง [การแพทย์ทางเลือกบนพื้นฐานวิทยาศาสตร์=Alternative Medicine : The Scientific Basis]

    ผู้แต่ง [อมร เปรมกมล]

    หัวเรื่อง [การแพทย์ทางเลือก]
    หัวเรื่อง [การรักษาด้วยธรรมชาติ]

BibComment


ยังไม่เคยถูกคอมเมนท์

คอมเมนท์ทรัพยากรรายการนี้
  คอมเมนท์: การแพทย์ทางเลือก..


 Copyright 2026. Bcnsprnw @Library